Sistemas de información: conceptos e implicancias para la empresa

Enregistré dans:
Détails bibliographiques
Auteurs principaux: Kovacevic B., Antonio (autor), González S., Alfredo (Auteur)
Format: Livre
Langue:espagnol
Publié: Santiago Universidad Católica de Chile 1994
Sujets:
Tags: Ajouter un tag
Pas de tags, Soyez le premier à ajouter un tag!

MARC

LEADER 00000nam a2200000 a 4500
001 UCT0301
003 CL-VaPUC
008 960830e19940000CL |||||||||||||||||spa|d
082 0 4 |a 658.054  |b KOV  |2 21 
100 |a Kovacevic B., Antonio  |e autor  |9 368932 
700 0 |a González S., Alfredo  |e author  |9 368933 
245 1 0 |a Sistemas de información: conceptos e implicancias para la empresa 
300 |a 194 p 
942 |c BK 
945 |d 19960830 00:00:00  |a rleighto 
260 |a Santiago  |b Universidad Católica de Chile  |c 1994 
650 0 |a Empresas   |9 255569 
650 7 |a SERVICIOS DE INFORMACION  |2 CL-VaPUC  |9 320150 
650 0 |a Automatización   |9 299909 
650 0 |a Procesamiento de datos  |9 270253 
583 |a last modification  |c 19960830 00:00:00  |k Rodrigo Vera 
999 |c 251339  |d 251337 
952 |0 0  |1 0  |4 0  |6 658_054000000000000_KOV_1994  |7 0  |8 A  |9 270443  |a BIBEDU  |b BIBEDU  |d 2019-11-19  |i 3224937  |o 658.054 KOV 1994  |p 3224937  |r 2019-11-19  |w 2019-11-19  |y BK  |k EDU